1434 1454 1838 1953 1467 1687 1631 1734 1550 1719 1555 1819 1512 1418 1627 1812 1038 1025 1121 1486 1498 1044 1286 1888 1193 1028 1901 1539 1619 1443 1488 1306 1520 1402 1310 1229 1061 1938 1051 1184 1431 1992 1058 1744 1488 1923 1441 1502 1561 1602 1793 1679 1104 1201 1441 1400 1598 1203 1923 1334 1133 1386 1486 1534 1793 1917 1967 1438 1211 1227 1024 1524 1020 1278 1674 1353 1869 1381 1628 1401 1050 1005 1913 1089 1082 1777 1945 1729 1027 1908 1620 1508 1001 1844 1804 1049 1561 1873 1499 BCNSPRNW ULIB Ver.6.0+V

เปลี่ยนเป็นภาษาไทย

Change to English
 แสดงรายละเอียดบรรณานุกรม
  กลับหน้าหลัก

Brief Record : Get Marc (ISO 2709) : E-mail record : QR code < ปิดหน้าต่าง
LEADER : 00000nam 2200000uu 4500
001    13399114475
003     ULIB
008    120404s2552||||th 000 0 tha d
020    ^a9786119002852
090    ^aนว.^bส655H 2552
100 0  ^aสายลมหนาว
245 00 ^aHelp me My Heart สะกิดรักสลับหัวใจ 2/^cสายลมหนาว
250    ^aพิมพ์ครั้งที่ 1
260    ^aกรุงเทพฯ :^bCHEEZE,^c2552
300    ^a171 หน้า
710 1  ^aCHEEZE
945    ^p148^l0^i15937
995    ^aกัณชพร
999    ^aใช้งานได้ทุกระบบ
รายการนี้ยังไม่มีแท็ก
คุณยังไม่ได้ล็อกอิน คุณสามารถมีกิจกรรมร่วมกับเว็บไซต์ได้ แต่ต้องล็อกอินก่อน ::
  ล็อกอิน

รายการสื่อสารสนเทศ

ลำดับที่ ประเภท เลขเรียก/บาร์โค้ด สถานที่ สถานะ
1. นวนิยาย
นวนิยาย
นว. ส655H 2552  
  Barcode: 15937
ห้องสมุดวิทยาเขตสวรรค์ประชารักษ์
►นวนิยาย
บนชั้น
  ขอยืม

รายการใกล้เคียง
    ผู้แต่ง [สายลมหนาว]

BibComment


ยังไม่เคยถูกคอมเมนท์

คอมเมนท์ทรัพยากรรายการนี้
  คอมเมนท์: Help me My Heart..


 Copyright 2026. Bcnsprnw @Library